Materials & New Possiblities (Record no. 369610)

MARC details
000 -LEADER
fixed length control field 00369 a2200157 4500
005 - DATE AND TIME OF LATEST TRANSACTION
control field 20260311155251.0
008 - FIXED-LENGTH DATA ELEMENTS--GENERAL INFORMATION
fixed length control field 251223b |||||||| |||| 00| 0 eng d
020 ## - INTERNATIONAL STANDARD BOOK NUMBER
International Standard Book Number 9788416239931
082 ## - DEWEY DECIMAL CLASSIFICATION NUMBER
Classification number 721.04/LIN
100 ## - MAIN ENTRY--PERSONAL NAME
Author Links
245 ## - TITLE STATEMENT
Title Materials & New Possiblities
260 ## - PUBLICATION, DISTRIBUTION, ETC.
Name of publisher, distributor, etc. links
Date of publication, distribution, etc. 2016
300 ## - PHYSICAL DESCRIPTION
Extent 251p
Other physical details HB
500 ## - GENERAL NOTE
Keywords Materials
942 ## - ADDED ENTRY ELEMENTS (KOHA)
Koha item type DS Books
Holdings
Withdrawn status Lost status Source of classification or shelving scheme Damaged status Not for loan Home library Current library Date acquired Vendor Net Price Total Checkouts Full call number Barcode Date last seen Actual Price Bill Date Koha item type
    Dewey Decimal Classification     Dr. Bhanuben Nanavati College of Architecture Dr. Bhanuben Nanavati College of Architecture 23/12/2025 213 2635.29   721.04/LIN BNCA-DS-163 23/12/2025 4183.00 12/12/2025 DS Books